书目信息 |
| 题名: |
民用建筑太阳能空调工程技术规范
|
|
| 作者: | 中华人民共和国住房和城乡建设部 主编 | |
| 分册: | ||
| 出版信息: | 北京 中国建筑工业出版社 2012.08 |
|
| 页数: | 63页 | |
| 开本: | 20cm | |
| 丛书名: | ||
| 单 册: | ||
| 中图分类: | TU831.7-65 | |
| 科图分类: | ||
| 主题词: | 建筑--空气调节 , 房屋建筑设备:空气调节设备 , 房屋建筑设备:采暖设备 , 建筑--通风 , 房屋建筑设备:通风设备 | |
| 电子资源: | ||
| ISBN: | ||
| 000 | 00938nam0 2200241 450 | |
| 001 | 1662517621 | |
| 005 | 20160503172331.96 | |
| 010 | @dCNY12.00 | |
| 100 | @a20160503d2012 km y0chiy0120 ea | |
| 101 | 0 | @achi |
| 102 | @aCN@b110000 | |
| 200 | 1 | @a民用建筑太阳能空调工程技术规范@Amin yong jian zhu tai yang neng kong diao gong cheng ji shu gui fan@f中华人民共和国住房和城乡建设部主编@Fzhong hua ren min gong he guo zhu fang he cheng xiang jian she bu zhu bian |
| 210 | @a北京@c中国建筑工业出版社@d2012.08 | |
| 215 | @a63页@d20cm | |
| 606 | 0 | @a建筑@x空气调节 |
| 606 | 0 | @a房屋建筑设备:空气调节设备 |
| 606 | 0 | @a房屋建筑设备:采暖设备 |
| 606 | 0 | @a建筑@x通风 |
| 606 | 0 | @a房屋建筑设备:通风设备 |
| 690 | @aTU831.7-65@v4 | |
| 701 | 0 | @a中华人民共和国住房和城乡建设部@Azhong hua ren min gong he guo zhu fang he cheng xiang jian she bu@4主编 |
| 801 | 0 | @aCN@b大连网信软件有限公司图书馆·11@c20160503 |
| 905 | @aZUCC@dTU831.7-65@eZ911 | |
| 民用建筑太阳能空调工程技术规范/中华人民共和国住房和城乡建设部主编.-北京:中国建筑工业出版社,2012.08 |
| 63页;20cm |
| ISBN :CNY12.00 |
| ● |
| 相关链接 |
|
|
|
正题名:民用建筑太阳能空调工程技术规范
索取号:TU831.7-65/Z911
 
预约/预借
| 序号 | 登录号 | 条形码 | 馆藏地/架位号 | 状态 | 备注 |
| 1 | 1237629 | 212376294 | 管理学院资料室/ [索取号:TU831.7-65/Z911] | 在馆 |